00350nam a22001097a 4500008004100000082001500041100002400056245009400080260004300174300000900217440001400226230621b xxu||||| |||| 00| 0 eng d a328.4bSOC cChristopher Johnson aThe Table bThe Journal of the Society of Clerks-at-the-table in Commonwealth Parliaments aLondonbCommonwealth Parliamentsc2005 a228p vvolume 73